000 00484nam a2200193Ia 4500
005 20250923144307.0
008 008 250917s9999 xx 000 0 eng d
037 _aTextual
040 _aDSWL
_beng
_cDSWL
041 _aeng
_2eng
084 _aT:3:Y, H2
_qDSWL
245 0 _aEducation for citizen
_cEd.by F.L Burdette
260 _aN.J
_c1942
300 _a126 p.
365 _aUSD
_b1.5
925 _g1.5
942 _cTEXL
_hT:3:Y, H2
999 _c1437102
_d1437102